Word Ladder: Billionaires Quiz Stats

 Plays Quiz Updated Sep 29, 2016

Challenge
Share
Tweet
Embed
Score 0/21 Timer 03:00
1 Play Today
Hint 4-Letter Word % Correct
Prepare a suitcase for travelingPACK
97%
Tuft of hair or a door's security measureLOCK
96.4%
Michael Jackson hit: '___ It'BEAT
95.1%
To be withoutLACK
95%
Strap, often made of leather, which keeps up pantsBELT
93.9%
A spoiled childBRAT
93.8%
Tempo or rate of movementPACE
93.3%
Scottish term for a lakeLOCH
92.6%
A cathedral's elevated noisemakerBELL
90.2%
To crave or seek to possessWANT
90.1%
Husks of grain, often eaten for breakfastBRAN
87.4%
Hint 4-Letter Word % Correct
A sly smileGRIN
87.3%
To delay action or bide one's timeWAIT
87.2%
To decrease or lessenWANE
86.2%
An amount offered for work or a salaryWAGE
86.1%
A manner of walkingGAIT
85.1%
$$ Google co-founder Larry $$$$ PAGE $$
84%
Strong resolve and resilianceGRIT
82.4%
$$ Google co-founder Sergey $$$$ BRIN $$
81.7%
$$ Founder of eponymous computer company Michael $$$$ DELL $$
75.7%
$$ US manufacturing brothers David and Charles $$$$ KOCH $$
68.2%

Today's Daily Dose

Word Ladder
Faux Pas

Quick Pick
Pacific Islands

On This Day
November 20th II

You're not logged in!

Compare scores with friends on all Sporcle quizzes.
Join for Free
OR
Log In

You Might Also Like...

Show Comments

Extras

Top Quizzes Today


Score Distribution

Your Account Isn't Verified!

In order to create a playlist on Sporcle, you need to verify the email address you used during registration. Go to your Sporcle Settings to finish the process.

Report this User

Report this user for behavior that violates our Community Guidelines.

Details: